Quiz o Nowym Sączu - Statystyki

Ogólne statystyki
  • Ten quiz został rozwiązany 69 razy
    13 od ostatniego zresetowania
  • Średni wynik to 8 z 15
Statystyki odpowiedzi
Pytanie Odpowiedź % Poprawnych
Jakie tablice rejestracyjne obowiązują w Nowym Sączu? KN
100%
Kto jest prezydentem Nowego Sącza? Ludomir Handzel
100%
Jakie dwie większe rzeki przepływają przez Nowy Sącz? Dunajec
67%
Jakie dwie większe rzeki przepływają przez Nowy Sącz? Kamienica
67%
Jaki najlepszy klub piłkarski działa na terenie Nowego Sącza? Sandecja Nowy Sącz
67%
Ile dziesiąt tysięcy mieszkańców liczy Nowy Sącz? (zaokrąglij) 80
56%
Jakiego Beskidu Nowy Sącz jest największym miastem? Beskidu {Sądeckiego}
56%
Jakie państwo leży najbliżej Nowego Sącza? Słowacja
56%
Na jakiej ulicy mieści się urząd miasta w Nowym Sączu? Na ul. {Rynek}
44%
W którym wieku miasto otrzymało prawa miejskie? XIII
44%
Nowy Sącz jest jednym z najbardziej ... miast Unii Europejskiej zanieczyszczonych
44%
Jakie inne miasto na prawach powiatu leży najbliżej Nowego Sącza? Tarnów
33%
Jakie jest najpopularniejsze radio z Nowego Sącza? RMF Maxx
11%
Jakie osiedle miasta jest najbardziej zaludnione? Wojska Polskiego
11%
Jaki klub saneczkarski działa w tym mieście? Tajfun Nowy Sącz
0%
Nie znaleziono quizów pasujących do podanych kryteriów
Rozkład punktacji
Procent ludzi z każdym wynikiem
Percentyl według liczby udzielonych odpowiedzi
Twoja historia wyników
Nie rozwiązałeś tego quizu od ostatniego zresetowania